Deutsche Flüsse nach Bild - Statistiken

Allgemein
  • Dieses Quiz wurde 105 mal gespielt
  • Das Durchschnittsergebnis liegt bei 11 aus 20
Antwortstatistiken
Bildquiz Antwort % Korrekt
Rhein
100%
Spree
90%
Wupper
90%
Elbe
89%
Main
84%
Weser
82%
Mosel
66%
Saar
66%
Neckar
60%
Isar
58%
Inn
51%
Ems
46%
Donau
45%
Ruhr
41%
Lech
40%
Saale
34%
Oder
32%
Havel
25%
Leine
22%
Lahn
18%
Keine übereinstimmenden Quizze gefunden
Verteilung der Resultate
Anzahl Personen mit jedem Resultat
Perzentil nach korrekt beantworteten Fragen
Ihre Resultats-Entwicklung
Sie haben dieses Quiz noch nicht gespielt